000 00730nam a2200205 a 4500
001 1205
005 20140414132000.0
008 041110s19uu xx 00 eng d
050 _aTR 813.08
_bL41 1992
100 _aLaw, Felicia
245 _aLearn about texture /
_cStory by Felicia Law ; illustrations by Steve Smallman, Shirley Tourret.
260 _aU.K :
_bWorld Books,
_c1992.
300 _ap. : ill. ; cm.
440 _aEarly World of Learing-Poldy
520 _aPoldy and his friends visits Signora Pittipatti's restaurant. Here they feat on a selection of leftover food which Signora Pittipatti offers them.
650 _aTexture
_xFiction.
650 _aChildren stories.
999 _c113044
_d113044